000
00329nam a22001457a 4500
003
SGT
020
_a
978-93-325-8744-1
082
_a
616.01
_b
BAU
100
_a
BAUMAN, ROBERT W.
245
_a
MICROBIOLOGY WITH DISEASES
260
_a
INDIA
_b
PEARSON PUB.
_c
2017
300
_a
937
650
_a
MICROBIOLOGY
942
_2
ddc
_c
BK
999
_c
32416
_d
32416